00412nam a2200121Ia 4500008004100000082001500041100002100056245005800077260002800135365001100163630005800174730005800232100415s9999 xx 000 0 und d b11392a771 aHolloway Adrian aThe Handbook of photographic equipment and techniques aLONDONc1981bPAN BOOKS b255.85 aThe Handbook of photographic equipment and techniques aThe Handbook of photographic equipment and techniques